[Event "ECF Schools-ch"]
[Site "Nottingham"]
[Date "2024.06.28"]
[Round "5.2"]
[White "Lee, Richard1"]
[Black "Bharadwaj, Arjun Kartik"]
[Result "1/2-1/2"]
[WhiteElo "1658"]
[BlackElo "1625"]
[PlyCount "71"]
[EventDate "2024.06.27"]
[EventType "team-swiss"]
[EventRounds "5"]
[EventCountry "ENG"]
[SourceTitle "EXT 2025"]
[Source "ChessBase"]
[SourceDate "2024.10.14"]
[SourceVersion "1"]
[SourceVersionDate "2024.10.14"]
[SourceQuality "1"]
[WhiteTeam "Nottingham High School"]
[BlackTeam "University College School"]
[WhiteTeamCountry "ENG"]
[BlackTeamCountry "ENG"]

1. c4 c5 2. Nf3 Nc6 3. Nc3 g6 4. g3 Bg7 5. Bg2 e6 6. 0-0 Nge7 7. e3 0-0 8. a3 d5 9. cxd5 Nxd5 10. Rb1 a6 11. Qc2 Qc7 12. Nxd5 exd5 13. Qxc5 Be6 14. Ne1 Rfd8 15. b4 Rac8 16. Bb2 Qd7 17. Bxg7 Kxg7 18. Qc3+ Kg8 19. Qb2 Bh3 20. Nd3 Qf5 21. Nf4 Bxg2 22. Kxg2 Ne5 23. Qd4 Rc4 24. Qb6 Rd7 25. Rbc1 Rdc7 26. Qxc7 Rxc7 27. Rxc7 g5 28. Nh3 Qf3+ 29. Kg1 Qh5 30. Kg2 Qf3+ 31. Kg1 h6 32. Rxb7 Qh5 33. Kg2 Qf3+ 34. Kg1 Qf5 35. Kg2 Qf3+ 36. Kg1 1/2-1/2

[Event "ECF Schools-ch"]
[Site "Nottingham"]
[Date "2024.06.27"]
[Round "1.2"]
[White "Rahul, Babu"]
[Black "Bharadwaj, Arjun Kartik"]
[Result "1-0"]
[WhiteElo "2212"]
[BlackElo "1625"]
[PlyCount "67"]
[EventDate "2024.06.27"]
[EventType "team-swiss"]
[EventRounds "5"]
[EventCountry "ENG"]
[SourceTitle "EXT 2025"]
[Source "ChessBase"]
[SourceDate "2024.10.14"]
[SourceVersion "1"]
[SourceVersionDate "2024.10.14"]
[SourceQuality "1"]
[WhiteTeam "Wilson School"]
[BlackTeam "University College School"]
[WhiteTeamCountry "ENG"]
[BlackTeamCountry "ENG"]

1. e4 e5 2. Nf3 Nc6 3. d4 exd4 4. Nxd4 Nf6 5. Nxc6 bxc6 6. e5 Nd5 7. c4 Nb6 8. Bd3 Be7 9. 0-0 d6 10. exd6 cxd6 11. Qc2 Qc7 12. Bf4 c5 13. Nc3 Bb7 14. Rfe1 0-0-0 15. Nb5 Qd7 16. Bf5 Rhe8 17. Bxd6 Bxd6 18. Nxd6+ Kb8 19. Bxd7 Rxe1+ 20. Rxe1 Rxd7 21. Re8+ Kc7 22. Nb5+ Kc6 23. Nxa7+ Kc7 24. Nb5+ Kc6 25. Qe4+ Nd5 26. Nc3 Kc7 27. cxd5 Kb6 28. b4 Rc7 29. bxc5+ Kxc5 30. a3 Kb6 31. Qb4+ Ka7 32. Qa5+ Ba6 33. Nb5+ Kb7 34. Qxa6+ 1-0